| 000 | 00635nam a2200241 a 4500 | ||
|---|---|---|---|
| 001 | 0001-1045 | ||
| 003 | ELIB.Books | ||
| 008 | 141124 2010 eng | ||
| 020 | _a0760735298 | ||
| 035 | _a(ELIB.Books)0001-1200 | ||
| 092 |
_aFic _bHof |
||
| 100 | _aHoff, Ron. | ||
| 245 |
_aSay It In Six _bHow to Say Exactly What You Mean in Six Minutes or Less |
||
| 260 |
_aNew York _bBarnes & Noble _c1996 |
||
| 300 |
_a153 _c22 Cm |
||
| 500 | _aTah Blut Moo, Naw | ||
| 650 | _aFiction | ||
| 856 |
_nKBTS; Library _uKBTS; Elib. |
||
| 942 |
_2ddc _cBK |
||
| 990 | _a1 | ||
| 998 |
_cbat _e2014-11-24 |
||
| 999 |
_c11045 _d11045 |
||